Szczegóły MARC21

Antropologia sportowa : morfologiczne podstawy wychowania fizycznego i sportu /

003 -Nazwa inst., której nr kontr. jest w polu 001 [,]
    • @
    • Nazwa instytucji, której n kontrolny jest w polu 001
    • NUKAT
005 -DATA I CZAS OSTATNIEJ MODYFIKACJI [,]
    • @
    • pole kontrolne
    • 20241231103044.0
020 -Międzynarod. znormalizowany nr książki - ISBN [ , ]
    • a
    • Numer ISBN
    • 8301006730 Find
040 -Instytucja sporządzająca opis [ , ]
    • a
    • Instytucja, która sporządziła opis (NP)
    • KR 122/DP
    • c
    • Instytucja, która sporządziła rekord (NP)
    • KR 122/DP
    • d
    • Instytucja, która zmodyfikowała rekord (P)
    • KR 122/MN
942 -Rodzaj dokumentu [ , ]
    • c
    • Rodzaj dokumentu
    • Książka
100 -Hasło główne - nazwa osobowa [1, ]
    • a
    • Nazwa osobowa (NP)
    • Drozdowski, Zbigniew
    • d
    • Daty biograficzne (NP)
    • (1930-2004).
    • 9
    • KHW
    • 17440
245 -Strefa tytułu i oznaczenia odpowiedzialności [1,0]
    • a
    • Tytuł
    • Antropologia sportowa : Find
    • b
    • Ciąg dalszy tytułu (NP)
    • morfologiczne podstawy wychowania fizycznego i sportu / Find
    • c
    • Pozostałe elementy strefy tytułu i oznaczenia odpowiedzialności (NP)
    • Zbigniew Drozdowski.
250 -Strefa wydania [ , ]
    • a
    • Oznaczenie wydania (NP)
    • Wyd. 2 przer. i uzup.
260 -Strefa adresu wydawniczego [ , ]
    • a
    • Miejsce wydania (P)
    • Warszawa ;
    • a
    • Miejsce wydania (P)
    • Poznań :
    • b
    • Nazwa wydawcy (P)
    • Państwowe Wydawnictwo Naukowe,
    • c
    • Data wydania (P)
    • 1979.
300 -Strefa opisu fizycznego [ , ]
    • a
    • Określenie formy książki i/lub objętość (NP)
    • 219, [1] s. ;
    • c
    • Format (NP)
    • 24 cm.
336 -Typ zawartości [ , ]
    • a
    • Termin opisujący typ zawartości
    • Tekst
    • b
    • Kod określający zawartość
    • txt
    • 2
    • Źródło (terminu i kodu)
    • rdacontent
337 -Typ mediów [ , ]
    • a
    • Tryb odtwarzania
    • Bez urządzenia pośredniczącego
    • b
    • Kod typu mediów
    • n
    • 2
    • Źródło (terminu i kodu)
    • rdamedia
338 -Typ/rodzaj nośnika [ , ]
    • a
    • Hasło opisujące typ nośnika
    • Wolumin
    • b
    • Kod typu nośnika
    • nc
    • 2
    • Źródło (terminu i kodu)
    • rdacarrier
490 -Strefa serii i książki wielotomowej - forma nie do wyszukiwania [1, ]
    • a
    • Tytuł (P)
    • Monografie, Podręczniki, Skrypty AWF w Poznaniu. Seria Podręczniki, Find
    • x
    • ISSN (NP)
    • 0303-5107 ;
    • v
    • Numeracja (P)
    • nr 12
830 -Hasło dodatkowe serii i opisu książki wielotomowej - tytuł ujednolicony/tytuł [ ,0]
    • a
    • Tytuł ujednolicony/tytuł (NP)
    • Monografie, Podręczniki, Skrypty Akademii Wychowania Fizycznego w Poznaniu.
    • p
    • Nazwa części/podserii/sekcji (P)
    • Seria Podręczniki
    • x
    • ISSN
    • 0303-5107
    • v
    • Oznaczenie tomu (NP)
    • nr 12
    • 9
    • KHW
    • 18365
500 -Uwaga ogólna [ , ]
    • a
    • Uwaga ogólna (NP)
    • Na okł. podtyt.: w zakresie studiów wychowania fizycznego.
504 -Uwaga dot. bibliogr. załącznikowej [ , ]
    • a
    • Uwaga dot. bibliografii załącznikowej
    • Bibliogr. s. 200-218.
080 -Uniwersalna Klasyfikacja Dziesiętna [ , ]
    • 2
    • Identyfikator wydania tablic
    • UDC-P058
    • a
    • Symbol klasyfikacji
    • 796/799
    • 9
    • UKD
    • 6273
    • b
    • Dopowiedzenie
    • Sport.
    • 4
    • UKD2
    • 7665
    • x
    • Poddział wspólny
    • (075.8)
    • c
    • Dopowiedzenie poddz. wspólnego
    • (Podręczniki dla szkół wyższych. Skrypty).
080 -Uniwersalna Klasyfikacja Dziesiętna [ , ]
    • 2
    • Identyfikator wydania tablic
    • UDC-P058
    • a
    • Symbol klasyfikacji
    • 611
    • 9
    • UKD
    • 4516
    • b
    • Dopowiedzenie
    • Anatomia.
    • 4
    • UKD2
    • 7665
    • x
    • Poddział wspólny
    • (075.8)
    • c
    • Dopowiedzenie poddz. wspólnego
    • (Podręczniki dla szkół wyższych. Skrypty).
080 -Uniwersalna Klasyfikacja Dziesiętna [ , ]
    • 2
    • Identyfikator wydania tablic
    • UDC-P058
    • a
    • Symbol klasyfikacji
    • 572
    • 9
    • UKD
    • 4343
    • b
    • Dopowiedzenie
    • Antropologia.
    • 4
    • UKD2
    • 7665
    • x
    • Poddział wspólny
    • (075.8)
    • c
    • Dopowiedzenie poddz. wspólnego
    • (Podręczniki dla szkół wyższych. Skrypty).
650 -Hasło przedmiotowe [ ,7]
    • a
    • Hasło przedmiotowe
    • Wychowanie fizyczne
    • v
    • Określnik formalny
    • podręczniki akademickie.
    • 2
    • Źródło terminu
    • kaba
    • 9
    • KHW
    • 359299
650 -Hasło przedmiotowe [ ,7]
    • a
    • Hasło przedmiotowe
    • Antropologia
    • v
    • Określnik formalny
    • podręczniki akademickie.
    • 2
    • Źródło terminu
    • kaba
    • 9
    • KHW
    • 356210
980 -Symbol UKD [ , ]
    • a
    • UKD
    • 796/799:611:572](075.8)
710 -Hasło dodatkowe - nazwa ciała zbiorowego [2, ]
    • a
    • Nazwa ciała zbiorowego lub nazwa geograficzna jako pierwszy element (NP)
    • Państwowe Wydawnictwo Naukowe (1951-1992).
    • 4
    • Kod relacji
    • pbl
    • 9
    • KHW
    • 52048
920 -ISBN [ , ]
    • a
    • ISBN
    • 83-01-00673-0 Find
Numer inwentarzowy Data inwentaryzacji Status udost. Lokalizacja Sygnatura
Z.559971997-01-011BGegz.arch.
W.844341997-01-012BGW.84143
W.844351997-01-012BGW.84143
W.865221997-01-012BGW.84143
W.865231997-01-012BGW.84143
W.865241997-01-012BGW.84143
W.865251997-01-012BGW.84143
W.865261997-01-012BGW.84143
W.865271997-01-012BGW.84143
W.865281997-01-012BGW.84143
W.865291997-01-012BGW.84143
W.865301997-01-012BGW.84143
W.865311997-01-012BGW.84143
W.865321997-01-012BGW.84143
W.865331997-01-012BGW.84143
W.865341997-01-012BGW.84143
W.865351997-01-012BGW.84143
W.865361997-01-012BGW.84143
W.841431994-05-102BGW.84143
W.844291997-01-01-5BG 
W.844301997-01-01-5BG 
W.844311997-01-01-5BG 
W.844321997-01-01-5BG 
W.844331997-01-01-5BG 
WF.501 -3BM 
WF.502 -3BM 
WF.3946 1BMAntropomotoryka 05
WF.3945 -3BM